ছোটদের বিশ্বনবি (সা.) / (Record no. 13433)
[ view plain ]
| 000 -LEADER | |
|---|---|
| fixed length control field | 00769nam a2200229 a 4500 |
| 001 - CONTROL NUMBER | |
| JCCL Control Number | 13433 |
| 003 - CONTROL NUMBER IDENTIFIER | |
| JCCL marc code | BD-JhCC |
| 005 - DATE AND TIME OF LATEST TRANSACTION | |
| control field | 20230924082543.0 |
| 008 - FIXED-LENGTH DATA ELEMENTS--GENERAL INFORMATION | |
| fixed length control field | 171017s20202022bg a|||| ||a| 00| 0 ben d |
| 020 ## - INTERNATIONAL STANDARD BOOK NUMBER | |
| International Standard Book Number | 9789848013687 |
| 035 ## - SYSTEM CONTROL NUMBER | |
| system control number | (BD-JhCC) 13433 |
| 040 ## - CATALOGING SOURCE | |
| Original cataloging agency | BD-JhCC |
| Modifying agency | BD-JhCC |
| 041 ## - LANGUAGE CODE | |
| Language code of Book | bengali |
| 082 ## - DEWEY DECIMAL CLASSIFICATION NUMBER | |
| Author mark and Year | MAS 2022 |
| Classification number | 297.63 |
| 100 ## - MAIN ENTRY--PERSONAL NAME | |
| Personal name | মাসুম, মিনহাজুল ইসলাম |
| 245 ## - TITLE STATEMENT | |
| Title | ছোটদের বিশ্বনবি (সা.) / |
| Statement of responsibility, etc | মিনহাজুল ইসলাম মাসুম। |
| 260 ## - PUBLICATION, DISTRIBUTION, ETC. (IMPRINT) | |
| Place of publication, distribution, etc | ঢাকা: |
| Name of publisher, distributor, etc | শব্দশিল্প প্রকাশন; |
| Date of publication, distribution, etc | 2022. |
| 300 ## - PHYSICAL DESCRIPTION | |
| Pagination | 48 p. : |
| Dimensions | 24 cm. |
| 651 ## - SUBJECT ADDED ENTRY--GEOGRAPHIC NAME | |
| Geographic name | The Profeth Muhammad (sm.) |
| 700 ## - ADDED ENTRY--PERSONAL NAME | |
| Personal name | রায়,রাজিব |
| 942 ## - ADDED ENTRY ELEMENTS (KOHA) | |
| Source of classification or shelving scheme | Dewey Decimal Classification |
| Koha item type | Books |
| Source of classification or shelving scheme | Damaged status | Not for loan | Home library | Current library | Shelving location | Date of accession | Cost, normal purchase price | Full call number | Barcode | Date last seen | Copy number | Method of acquisition | Koha item type | Currency |
|---|---|---|---|---|---|---|---|---|---|---|---|---|---|---|
| Dewey Decimal Classification | JCC Rouf Library | JCC Rouf Library | General Stacks | 09/18/2023 | 165.00 | 297.63 MAS 2022 | 18362 | 09/18/2023 | C-1 | Purchase | Books | BDT |